[Event "Montcalm op"]
[Site "Quebec CAN"]
[Date "2016.01.10"]
[Round "4"]
[White "Dube, Dominic"]
[Black "Cournoyer, Dominic"]
[Result "0-1"]
[WhiteElo "1662"]
[BlackElo "1994"]
[PlyCount "89"]
[EventDate "2016.01.08"]
[EventType "swiss"]
[EventRounds "5"]
[EventCountry "CAN"]

1. e4 d5 2. exd5 Qxd5 3. Nc3 Qa5 4. d4 Nf6 5. Bd3 Bg4 6. f3 Bh5 7. Nge2 Bg6 8.
O-O e6 9. a3 Nc6 10. Be3 Bxd3 11. Qxd3 O-O-O 12. Qb5 Qxb5 13. Nxb5 a6 14. Nbc3
Be7 15. Rfd1 h6 16. Ne4 Rd7 17. c4 Rhd8 18. b4 Nxe4 19. fxe4 Bf6 20. Kf2 Nxd4
21. Rab1 Nc2 22. Rxd7 Rxd7 23. Rb3 Bd4 24. Nxd4 Nxd4 25. Rd3 Nc6 26. Rxd7 Kxd7
27. c5 e5 28. h4 Ke6 29. g4 Nd4 30. Bc1 f6 31. Ke3 Kd7 32. Bb2 Ne6 33. Kf3 Kc6
34. Bc1 g5 35. a4 Nd4+ 36. Kg2 Nc2 37. Bd2 Na3 38. h5 Nc4 39. Bc1 a5 40. bxa5
Kxc5 41. Kf2 Kb4 42. Ke2 Kxa4 43. Kd3 Kb4 44. Kc2 Kxa5 45. Kb3 0-1

[Event "Montcalm op"]
[Site "Quebec CAN"]
[Date "2016.01.09"]
[Round "4"]
[White "Gingras, Philippe"]
[Black "Auger, Bertrand"]
[Result "1/2-1/2"]
[WhiteElo "1772"]
[BlackElo "1921"]
[PlyCount "101"]
[EventDate "2016.01.08"]
[EventType "swiss"]
[EventRounds "5"]
[EventCountry "CAN"]

1. d4 Nf6 2. Bg5 Ne4 3. Bf4 c5 4. e3 Qa5+ 5. c3 d5 6. Bd3 c4 7. Bxe4 dxe4 8.
Nd2 b5 9. Nxe4 Bb7 10. f3 Nd7 11. Ne2 e5 12. Bg3 f5 13. Nd2 Bd6 14. O-O O-O 15.
e4 Qc7 16. b3 exd4 17. Bxd6 Qxd6 18. Nxd4 fxe4 19. fxe4 Nf6 20. Nxb5 Qc5+ 21.
Nd4 Nxe4 22. Nxe4 Bxe4 23. Qg4 Bd3 24. b4 Qb6 25. Rxf8+ Rxf8 26. h3 Re8 27. Kh2
h6 28. Qg3 a5 29. a3 axb4 30. axb4 Qb7 31. Re1 Rxe1 32. Qxe1 Qa8 33. Qe7 Qb8+
34. Kh1 Qg3 35. Qe6+ Kh8 36. Kg1 Qf4 37. Qe1 Qb8 38. Nf3 Qa7+ 39. Kh2 Qa2 40.
Qe5 Qf2 41. Qe1 Qc2 42. Qd2 Qb1 43. Nd4 Kg8 44. b5 Kh8 45. Kg3 Kg8 46. Kf4 Qf1+
47. Ke5 Qf6+ 48. Kd5 Qf7+ 49. Kc5 Qf8+ 50. Kb6 Qb8+ 51. Ka6 1/2-1/2

[Event "Montcalm op"]
[Site "Quebec CAN"]
[Date "2016.01.10"]
[Round "4"]
[White "Lachance, Norbert"]
[Black "Dorion, Francois"]
[Result "1-0"]
[WhiteElo "1751"]
[BlackElo "1577"]
[PlyCount "83"]
[EventDate "2016.01.08"]
[EventType "swiss"]
[EventRounds "5"]
[EventCountry "CAN"]

1. d4 Nf6 2. c4 d6 3. Nf3 Nbd7 4. Nc3 e5 5. dxe5 dxe5 6. e4 c6 7. Qc2 Be7 8.
Bg5 Qc7 9. Be2 a5 10. O-O h6 11. Bh4 Nf8 12. Bg3 Ng6 13. Nd4 Nf4 14. Bxf4 exf4
15. Bf3 Bg4 16. Bxg4 Nxg4 17. Nf3 Ne5 18. Nxe5 Qxe5 19. Qe2 O-O 20. Rad1 Rad8
21. Rxd8 Rxd8 22. Rd1 Rxd1+ 23. Qxd1 Qe6 24. Qd3 g5 25. Kf1 g4 26. Ne2 Qd6 27.
Qxd6 Bxd6 28. f3 h5 29. b3 Kg7 30. Nd4 Kf6 31. Nf5 Bf8 32. Ke2 Ke5 33. Kd3 b5
34. h3 gxh3 35. gxh3 b4 36. Nd4 Kd6 37. e5+ Kd7 38. Ke4 Bc5 39. Nf5 f6 40. Kxf4
fxe5+ 41. Kxe5 Bf2 42. Kf6 1-0

[Event "Montcalm op"]
[Site "Quebec CAN"]
[Date "2016.01.10"]
[Round "4"]
[White "Sarra-Bournet, Marc"]
[Black "Boulianne, Gabriel"]
[Result "0-1"]
[WhiteElo "1872"]
[BlackElo "1896"]
[PlyCount "90"]
[EventDate "2016.01.08"]
[EventType "swiss"]
[EventRounds "5"]
[EventCountry "CAN"]

1. e4 c5 2. Nc3 Nc6 3. f4 g6 4. Nf3 Bg7 5. Bc4 e6 6. f5 Nge7 7. d3 gxf5 8. Bg5
fxe4 9. dxe4 a6 10. Qd6 Qa5 11. O-O Bxc3 12. bxc3 Qxc3 13. Bxe7 Nxe7 14. Rad1
Ng6 15. Bd3 c4 16. Qc7 b5 17. Kh1 Qg7 18. Be2 Rg8 19. Rf2 e5 20. Rd5 f6 21. g3
h5 22. Nxe5 Nxe5 23. Bxh5+ Nf7 24. e5 Qh7 25. Bxf7+ Qxf7 26. Rd4 f5 27. Kg1 Qe6
28. Re2 Qc6 29. Qxc6 dxc6 30. Rd6 Ke7 31. Rxc6 Rd8 32. Rh6 Be6 33. h4 Rh8 34.
Rxh8 Rxh8 35. c3 Rd8 36. Kf2 Rd3 37. Rc2 Bd5 38. h5 Be4 39. Rc1 Rf3+ 40. Ke2
Rxg3 41. a3 Rh3 42. Kf2 Rxh5 43. Ke3 Rh1 44. Rxh1 Bxh1 45. Kd4 Ke6 0-1

[Event "Montcalm op"]
[Site "Quebec CAN"]
[Date "2016.01.10"]
[Round "4"]
[White "Tremblay, Charles"]
[Black "Dube, Daniel"]
[Result "0-1"]
[WhiteElo "1636"]
[BlackElo "1932"]
[PlyCount "80"]
[EventDate "2016.01.08"]
[EventType "swiss"]
[EventRounds "5"]
[EventCountry "CAN"]

1. c4 e6 2. Nc3 f5 3. Nf3 Nf6 4. d4 d6 5. e3 Be7 6. Bd3 Nc6 7. O-O O-O 8. b4 e5
9. dxe5 dxe5 10. Bb1 Qe8 11. Nd5 Bd6 12. Bb2 Nxd5 13. cxd5 Nd8 14. Re1 Qh5 15.
Nxe5 Qh6 16. h3 f4 17. Ng4 Qg5 18. exf4 Qxf4 19. Bc1 Qf7 20. Qf3 Qxf3 21. gxf3
h5 22. Ne5 Bxb4 23. Rd1 Bc3 24. Ng6 Re8 25. Bg5 Bxa1 26. Ne7+ Rxe7 27. Bxe7 Bf6
28. d6 cxd6 29. Bxf6 gxf6 30. Rxd6 Bxh3 31. Rxf6 Rc8 32. Kh2 Be6 33. Be4 Rc5
34. Rg6+ Kf7 35. Rh6 Ke7 36. f4 Nf7 37. Rh7 Kf6 38. f5 Bxf5 39. Rxh5 Nd6 40.
Bd3 Kg6 0-1

[Event "Montcalm op"]
[Site "Quebec CAN"]
[Date "2016.01.10"]
[Round "5"]
[White "Auger, Bertrand"]
[Black "Abran, David"]
[Result "1-0"]
[WhiteElo "1921"]
[BlackElo "1785"]
[PlyCount "53"]
[EventDate "2016.01.08"]
[EventType "swiss"]
[EventRounds "5"]
[EventCountry "CAN"]

1. Nf3 c5 2. c4 Nc6 3. Nc3 g6 4. g3 Bg7 5. Bg2 f5 6. O-O e5 7. d3 Nf6 8. Rb1
O-O 9. Bd2 d6 10. a3 a5 11. h3 h6 12. Nd5 Nxd5 13. cxd5 Ne7 14. Qc1 Kh7 15. Bc3
b6 16. Nxe5 Ba6 17. Nc6 Qc7 18. Bxg7 Kxg7 19. b4 axb4 20. axb4 Bb7 21. bxc5
dxc5 22. Qb2+ Kh7 23. Qxb6 Qxb6 24. Rxb6 Bxc6 25. dxc6 Rac8 26. Rb7 Rf7 27. Ra1
1-0

[Event "Montcalm op"]
[Site "Quebec CAN"]
[Date "2016.01.10"]
[Round "5"]
[White "Boulianne, Gabriel"]
[Black "Lessard, Claude"]
[Result "0-1"]
[WhiteElo "1896"]
[BlackElo "1978"]
[PlyCount "54"]
[EventDate "2016.01.08"]
[EventType "swiss"]
[EventRounds "5"]
[EventCountry "CAN"]

1. e4 c6 2. d4 d5 3. e5 c5 4. c3 cxd4 5. cxd4 Nc6 6. Nf3 Bg4 7. Nbd2 e6 8. h3
Bh5 9. Nb3 Bxf3 10. Qxf3 Bb4+ 11. Bd2 Bxd2+ 12. Kxd2 Qb6 13. Qc3 Nge7 14. a4
O-O 15. a5 Qd8 16. Bb5 Rc8 17. Bxc6 Rxc6 18. Qd3 Nf5 19. Rhc1 Qg5+ 20. Ke2 Rxc1
21. Rxc1 Qxg2 22. Rc7 f6 23. Nc5 fxe5 24. Nxe6 Nxd4+ 25. Kd1 Qg1+ 26. Kd2 Rxf2+
27. Kc3 Qe1+ 0-1

[Event "Montcalm op"]
[Site "Quebec CAN"]
[Date "2016.01.10"]
[Round "5"]
[White "Doyon, Stephane"]
[Black "Dube, Dominic"]
[Result "0-1"]
[WhiteElo "1816"]
[BlackElo "1662"]
[PlyCount "122"]
[EventDate "2016.01.08"]
[EventType "swiss"]
[EventRounds "5"]
[EventCountry "CAN"]

1. e4 c6 2. d4 d5 3. exd5 cxd5 4. c4 Nf6 5. Nc3 e6 6. Nf3 Nc6 7. c5 Be7 8. Bb5
O-O 9. O-O Qa5 10. Bd2 Qc7 11. Re1 Bd7 12. Rc1 a6 13. Bxc6 Bxc6 14. Ne5 Nd7 15.
Nxc6 Qxc6 16. Na4 Bf6 17. Bf4 Rfe8 18. Be5 Bxe5 19. dxe5 f6 20. exf6 Nxf6 21.
Nb6 Rad8 22. b4 Nd7 23. Nxd7 Rxd7 24. Qd4 Qa4 25. f4 Rde7 26. f5 Qxa2 27. fxe6
Rxe6 28. Rxe6 Rxe6 29. Rd1 Re4 30. Qxd5+ Qxd5 31. Rxd5 Rxb4 32. Rd8+ Kf7 33.
Rb8 a5 34. Kf2 Ke6 35. Ke3 Kd5 36. Kd3 Kxc5 37. Rc8+ Kb5 38. Rc7 Ka4 39. Rxg7
h5 40. Rh7 h4 41. g3 hxg3 42. hxg3 b5 43. Rh4 Kb3 44. Rh1 Rg4 45. Rb1+ Ka4 46.
Ra1+ Kb4 47. Rb1+ Kc5 48. Rg1 b4 49. Kc2 Kc4 50. Kb2 a4 51. Rc1+ Kb5 52. Rg1
a3+ 53. Kb3 Rc4 54. g4 Rc3+ 55. Ka2 Rc2+ 56. Ka1 b3 57. g5 a2 58. g6 Kb4 59. g7
Ka3 60. Rb1 b2+ 61. Rxb2 Rxb2 0-1

[Event "Montcalm op"]
[Site "Quebec CAN"]
[Date "2016.01.10"]
[Round "5"]
[White "Tremblay, Charles"]
[Black "Gingras, Philippe"]
[Result "0-1"]
[WhiteElo "1636"]
[BlackElo "1772"]
[PlyCount "124"]
[EventDate "2016.01.08"]
[EventType "swiss"]
[EventRounds "5"]
[EventCountry "CAN"]

1. c4 Nf6 2. Nc3 c5 3. Nf3 b6 4. e3 Bb7 5. Be2 e6 6. O-O Be7 7. d4 cxd4 8. Nxd4
O-O 9. b3 d6 10. Bb2 Nbd7 11. Ndb5 Nc5 12. Qc2 a6 13. Nd4 Rc8 14. Rad1 Qc7 15.
f3 Qb8 16. Ba1 Bd8 17. Qb2 Bc7 18. f4 e5 19. Nf5 Nce4 20. Ne7+ Kh8 21. Nxc8
Rxc8 22. Nxe4 Bxe4 23. Bf3 Bxf3 24. Rxf3 Re8 25. Rdf1 Re6 26. fxe5 dxe5 27. Rh3
Kg8 28. Qc2 h6 29. e4 Bd6 30. Kh1 Bc5 31. Bb2 Ng4 32. Qe2 Nf6 33. Bc1 Qc7 34.
Rg3 Kh7 35. Qf3 Bf8 36. Rh3 Qc6 37. Qe2 Kg8 38. Qf3 Qxe4 39. Qxe4 Nxe4 40. Re3
Nc5 41. Bb2 f6 42. Rd1 Rc6 43. Rd8 Ne6 44. Ra8 b5 45. h3 bxc4 46. Rc3 Kf7 47.
Rxc4 Rd6 48. Ra7+ Kg6 49. Rg4+ Kf5 50. Ra4 Nf4 51. g4+ Kg5 52. Bc3 Rd1+ 53. Kh2
Kh4 54. Re4 Bc5 55. Be1+ Rxe1 56. Rxe1 Bxa7 57. a4 Bf2 58. Re4 Bg3+ 59. Kh1
Kxh3 60. b4 Kxg4 61. b5 axb5 62. axb5 Bf2 0-1

[Event "Montcalm-ch"]
[Site "Quebec CAN"]
[Date "2016.04.28"]
[Round "1"]
[White "Cummins, Paul"]
[Black "Dube, Daniel"]
[Result "0-1"]
[WhiteElo "1742"]
[BlackElo "1793"]
[PlyCount "110"]
[EventDate "2016.04.28"]
[EventType "tourn"]
[EventRounds "5"]
[EventCountry "CAN"]

1. Nf3 d5 2. e3 e6 3. b3 c5 4. Bb2 Nc6 5. Be2 Nf6 6. d3 Bd6 7. Nbd2 e5 8. e4 d4
9. h3 O-O 10. c3 Re8 11. cxd4 cxd4 12. O-O Nh5 13. Nc4 Nf4 14. Nxd6 Qxd6 15.
Nh2 g6 16. Bc1 f5 17. Bxf4 exf4 18. Bf3 Ne5 19. Qd2 Nxf3+ 20. Nxf3 fxe4 21.
dxe4 Rxe4 22. Ng5 Re5 23. Qxf4 Be6 24. Nf3 Rd5 25. Qxd6 Rxd6 26. Rfd1 Rad8 27.
Rd2 Bf5 28. Rad1 d3 29. g4 Bc8 30. Ne5 h5 31. Rxd3 Rxd3 32. Rxd3 Rxd3 33. Nxd3
hxg4 34. hxg4 Bxg4 35. f4 Bf5 36. Ne5 Kg7 37. Kf2 Kf6 38. Nf3 a5 39. a3 Ke6 40.
Ke3 Kd5 41. Nd4 Bd7 42. Kd3 b5 43. Ke3 a4 44. bxa4 bxa4 45. Kd3 Bh3 46. Nf3
Bf5+ 47. Ke3 Kc4 48. Ne5+ Kb3 49. Kd2 Kxa3 50. Kc3 Ka2 51. Kb4 Bc2 52. Nxg6 a3
53. Ne5 Bb3 54. Nd3 Bc2 55. Nc1+ Kb2 0-1

[Event "Montcalm-ch"]
[Site "Quebec CAN"]
[Date "2016.04.28"]
[Round "1"]
[White "Lessard, Claude"]
[Black "Cournoyer, Dominic"]
[Result "1-0"]
[WhiteElo "2107"]
[BlackElo "1977"]
[PlyCount "69"]
[EventDate "2016.04.28"]
[EventType "tourn"]
[EventRounds "5"]
[EventCountry "CAN"]

1. d4 d5 2. c4 c6 3. Nc3 Nf6 4. Nf3 Bg4 5. Ne5 Be6 6. cxd5 Nxd5 7. e4 Nxc3 8.
bxc3 g6 9. h3 Bg7 10. Nf3 O-O 11. Be2 c5 12. O-O Bd7 13. Rb1 Qc7 14. Be3 Nc6
15. d5 Ne5 16. Ne1 Bc8 17. f4 Nd7 18. c4 b6 19. e5 Nb8 20. Bf3 Bb7 21. Nd3 Na6
22. Qd2 Rad8 23. a4 f6 24. e6 f5 25. a5 Bd4 26. axb6 axb6 27. Bxd4 cxd4 28. Ne5
Nc5 29. Qxd4 Nxe6 30. Qxb6 Qc5+ 31. Qxc5 Nxc5 32. Rb5 Rc8 33. Rfb1 Ba6 34. Ra5
Rf6 35. Nc6 1-0

[Event "Montcalm-ch"]
[Site "Quebec CAN"]
[Date "2016.04.28"]
[Round "1"]
[White "Plante, Rejean"]
[Black "Dumont, Eric"]
[Result "1-0"]
[WhiteElo "2086"]
[BlackElo "1743"]
[PlyCount "31"]
[EventDate "2016.04.28"]
[EventType "tourn"]
[EventRounds "5"]
[EventCountry "CAN"]

1. Nf3 d5 2. g3 Nf6 3. Bg2 e6 4. c4 c6 5. O-O dxc4 6. Qc2 Nbd7 7. Qxc4 Be7 8.
d4 O-O 9. Rd1 Qb6 10. Nc3 Nd5 11. e4 Nxc3 12. bxc3 Qa5 13. e5 c5 14. Bg5 b5 15.
Qd3 cxd4 16. Bxe7 1-0

[Event "Montcalm-ch"]
[Site "Quebec CAN"]
[Date "2016.05.05"]
[Round "2"]
[White "Cournoyer, Dominic"]
[Black "Cummins, Paul"]
[Result "1-0"]
[WhiteElo "1977"]
[BlackElo "1742"]
[PlyCount "77"]
[EventDate "2016.04.28"]
[EventType "tourn"]
[EventRounds "5"]
[EventCountry "CAN"]

1. c4 f5 2. Nc3 Nf6 3. g3 e6 4. Bg2 Be7 5. Nf3 d6 6. O-O O-O 7. b4 Ne4 8. Bb2
Bf6 9. d4 d5 10. cxd5 Nxc3 11. Bxc3 exd5 12. Ne5 a6 13. Qb3 c6 14. a4 Re8 15.
b5 axb5 16. axb5 Rxa1 17. Rxa1 Be6 18. Nd3 Nd7 19. e3 Bf7 20. bxc6 bxc6 21. Bb4
Nf8 22. Qa4 Qc7 23. Rc1 Rc8 24. Nf4 Qb7 25. Bf1 Ng6 26. Nxg6 Bxg6 27. Qa6 Qb8
28. Bd6 Qa8 29. Qxa8 Rxa8 30. Rxc6 Be8 31. Rc1 Rd8 32. Bc7 Ra8 33. Be2 g6 34.
Bf3 Bf7 35. Bb6 Rb8 36. Bc5 Rd8 37. Rb1 Kg7 38. Rb7 g5 39. Bh5 1-0

[Event "Montcalm-ch"]
[Site "Quebec CAN"]
[Date "2016.05.05"]
[Round "2"]
[White "Dumont, Eric"]
[Black "Dube, Daniel"]
[Result "1-0"]
[WhiteElo "1743"]
[BlackElo "1793"]
[PlyCount "109"]
[EventDate "2016.04.28"]
[EventType "tourn"]
[EventRounds "5"]
[EventCountry "CAN"]

1. d4 Nf6 2. Bf4 d6 3. e3 Nbd7 4. h3 e5 5. dxe5 dxe5 6. Bh2 Bd6 7. Nc3 O-O 8.
Nf3 a6 9. a4 Qe7 10. Bc4 Nb6 11. Bb3 Be6 12. O-O Rad8 13. Qe2 Bxb3 14. cxb3 Qe6
15. a5 Nbd7 16. Qc4 Qxc4 17. bxc4 Rfe8 18. Rfd1 h6 19. Nh4 g6 20. Nf3 e4 21.
Bxd6 exf3 22. Bxc7 Rc8 23. Bh2 Rxc4 24. gxf3 Ne5 25. Kg2 Rb4 26. Rd6 Kg7 27.
Rxf6 Rxb2 28. Rb6 Rc2 29. Ne4 Nc4 30. Rb3 Re7 31. Rc3 Rxc3 32. Nxc3 f5 33. Nd5
Re6 34. Bb8 g5 35. Ba7 Rd6 36. Bd4+ Kf7 37. Nb6 Nd2 38. Rc1 Nb3 39. Rc7+ Ke6
40. Bc5 Nxc5 41. Rxc5 Rc6 42. Rxc6+ bxc6 43. f4 gxf4 44. exf4 Kd6 45. Kf3 Kc5
46. Nc8 Kb4 47. Nd6 c5 48. Nxf5 c4 49. Ne3 c3 50. Nd5+ Kxa5 51. Nxc3 Kb4 52.
Nd5+ Kc4 53. Ke4 a5 54. f5 Kc5 55. f6 1-0

[Event "Montcalm-ch"]
[Site "Quebec CAN"]
[Date "2016.05.05"]
[Round "2"]
[White "Plante, Rejean"]
[Black "Lessard, Claude"]
[Result "1-0"]
[WhiteElo "2086"]
[BlackElo "2107"]
[PlyCount "81"]
[EventDate "2016.04.28"]
[EventType "tourn"]
[EventRounds "5"]
[EventCountry "CAN"]

1. Nf3 d6 2. d4 Nf6 3. g3 g6 4. Bg2 Bg7 5. O-O O-O 6. c4 c5 7. Nc3 Nc6 8. h3
Bf5 9. Be3 cxd4 10. Nxd4 Nxd4 11. Bxd4 Qc8 12. g4 Bd7 13. Nd5 Re8 14. Rc1 Nxd5
15. cxd5 Qd8 16. Bxg7 Kxg7 17. Qd4+ Kg8 18. Rc3 Bb5 19. Bf3 b6 20. Rfc1 Bd7 21.
Rc7 Rc8 22. Rxc8 Bxc8 23. Qa4 a5 24. Rc3 Rf8 25. e4 Bd7 26. Qd4 Qb8 27. a4 Rc8
28. Re3 f6 29. Be2 g5 30. h4 gxh4 31. Rh3 Qc7 32. Rc3 Qd8 33. Rh3 Rc2 34. Qe3
Be8 35. Rxh4 Rxb2 36. g5 Rb1+ 37. Kg2 Bg6 38. Bg4 Kg7 39. gxf6+ exf6 40. Qh6+
Kg8 41. Be6+ 1-0

[Event "Montcalm-ch"]
[Site "Quebec CAN"]
[Date "2016.05.12"]
[Round "3"]
[White "Cummins, Paul"]
[Black "Plante, Rejean"]
[Result "0-1"]
[WhiteElo "1742"]
[BlackElo "2086"]
[PlyCount "88"]
[EventDate "2016.04.28"]
[EventType "tourn"]
[EventRounds "5"]
[EventCountry "CAN"]

1. Nf3 d5 2. e3 c5 3. b3 Nf6 4. Bb2 e6 5. Be2 Nc6 6. d3 Be7 7. Nbd2 O-O 8. O-O
Qc7 9. c4 b6 10. Rc1 Bb7 11. cxd5 Nxd5 12. d4 Rac8 13. dxc5 Bxc5 14. Bd3 Qe7
15. Qe2 h6 16. Rfd1 Rfd8 17. Nc4 b5 18. Nce5 Nxe5 19. Bxe5 a6 20. a4 bxa4 21.
bxa4 Nb4 22. Bb1 Bd5 23. Bc3 a5 24. Bxb4 Bxb4 25. Ba2 Bc6 26. Bb3 Qe8 27. Rxd8
Rxd8 28. Rd1 Rc8 29. Rc1 Rb8 30. Qd1 Be4 31. Nd4 Ba3 32. Rc7 Bd6 33. Rc1 Be5
34. Nb5 Qe7 35. Qh5 Qf6 36. Rd1 Kh7 37. Qe2 Qh4 38. g3 Qh3 39. f4 Bf6 40. Nc3
Bf5 41. Nb5 Bg4 42. Qc2+ g6 43. Rd7 Kg8 44. Qc7 Rf8 0-1

[Event "Montcalm-ch"]
[Site "Quebec CAN"]
[Date "2016.05.12"]
[Round "3"]
[White "Dube, Daniel"]
[Black "Cournoyer, Dominic"]
[Result "1/2-1/2"]
[WhiteElo "1793"]
[BlackElo "1977"]
[PlyCount "129"]
[EventDate "2016.04.28"]
[EventType "tourn"]
[EventRounds "5"]
[EventCountry "CAN"]

1. d4 Nf6 2. Bg5 h6 3. Bxf6 exf6 4. e3 d5 5. Bd3 Bd6 6. Nc3 c6 7. Qf3 O-O 8.
Nge2 Re8 9. O-O Na6 10. a3 Nc7 11. Nf4 Ne6 12. Nxe6 Bxe6 13. e4 Qd7 14. h3 dxe4
15. Nxe4 Bd5 16. c4 Bxe4 17. Bxe4 Bc7 18. Rad1 Qd6 19. g3 Qe6 20. Bd3 Rad8 21.
d5 cxd5 22. cxd5 Qe5 23. b4 Qd6 24. Bc2 g6 25. h4 Re5 26. Bb3 Rf5 27. Qe3 Bb6
28. Qd3 Re8 29. Kg2 Rfe5 30. Rd2 f5 31. Qf3 Re4 32. Bc2 R4e5 33. h5 Kh7 34.
hxg6+ fxg6 35. Rh1 R8e7 36. Qf4 h5 37. Qf3 Bc7 38. Rh3 Kg7 39. Qc3 Kg8 40. Qc5
Re2 41. Rxe2 Rxe2 42. Bb3 Kg7 43. Qd4+ Qe5 44. Qxe5+ Rxe5 45. Rh1 Re2 46. Bd1
Rd2 47. Bf3 Rd3 48. Re1 Kf6 49. a4 Ra3 50. Bd1 Rd3 51. Bf3 Rd4 52. Rb1 Bd6 53.
b5 Rxa4 54. Re1 Be5 55. d6 Bxd6 56. Bxb7 Bc5 57. Re2 Bb6 58. f4 h4 59. Bd5 hxg3
60. Re6+ Kg7 61. Kxg3 Rd4 62. Bc6 Rd3+ 63. Kg2 Kf7 64. Re2 Bc7 65. Ra2 1/2-1/2

[Event "Montcalm-ch"]
[Site "Quebec CAN"]
[Date "2016.05.12"]
[Round "3"]
[White "Lessard, Claude"]
[Black "Dumont, Eric"]
[Result "1-0"]
[WhiteElo "2107"]
[BlackElo "1743"]
[PlyCount "69"]
[EventDate "2016.04.28"]
[EventType "tourn"]
[EventRounds "5"]
[EventCountry "CAN"]

1. d4 d5 2. e4 dxe4 3. f3 Nf6 4. Nc3 Bf5 5. Be3 e6 6. fxe4 Nxe4 7. Bd3 Qh4+ 8.
g3 Nxc3 9. bxc3 Qg4 10. Qxg4 Bxg4 11. Rb1 b6 12. Be4 c6 13. Nf3 f6 14. Nd2 Bd6
15. O-O O-O 16. a4 Rc8 17. a5 Nd7 18. Nc4 Be7 19. axb6 axb6 20. Nxb6 Nxb6 21.
Rxb6 Ra3 22. Bd2 c5 23. d5 exd5 24. Bxd5+ Kh8 25. Rfb1 g6 26. Rb7 Bf8 27. Rf7
Bf5 28. Rbb7 g5 29. Bxg5 fxg5 30. Rxf5 Re8 31. Rff7 Be7 32. Rbxe7 Rxe7 33. Rxe7
Rxc3 34. Be4 Re3 35. Kf2 1-0

[Event "Montcalm-ch"]
[Site "Quebec CAN"]
[Date "2016.05.19"]
[Round "4"]
[White "Dumont, Eric"]
[Black "Cournoyer, Dominic"]
[Result "1-0"]
[WhiteElo "1743"]
[BlackElo "1977"]
[PlyCount "163"]
[EventDate "2016.04.28"]
[EventType "tourn"]
[EventRounds "5"]
[EventCountry "CAN"]

1. d4 f5 2. Bf4 Nf6 3. e3 e6 4. Nf3 Be7 5. h3 O-O 6. Bd3 b6 7. c4 Bb7 8. Nc3
Na6 9. a3 d5 10. Qe2 Nb8 11. Nb5 Ne8 12. cxd5 exd5 13. Rc1 c6 14. Nc3 Nd6 15.
Ne5 Nd7 16. O-O Nxe5 17. Bxe5 Ne4 18. Nxd5 cxd5 19. Rc7 Bc8 20. Qh5 Bf6 21.
Rfc1 Bxe5 22. dxe5 Nc5 23. Rxc8 Rxc8 24. Bxf5 Rxf5 25. Qxf5 Qf8 26. Qg4 Re8 27.
f4 Qe7 28. b4 Ne4 29. Rc6 Qf7 30. h4 g6 31. Rc8 Rxc8 32. Qxc8+ Kg7 33. Qc6 Kf8
34. Qa8+ Kg7 35. Qc6 h5 36. e6 Qe7 37. Qxd5 Nf6 38. Qe5 Kg8 39. f5 gxf5 40.
Qxf5 Ng4 41. Qg6+ Kf8 42. Qxh5 Qxe6 43. Qh8+ Ke7 44. Qg7+ Kd8 45. Qd4+ Ke7 46.
Qg7+ Ke8 47. Qh8+ Kf7 48. Qh5+ Ke7 49. Qh7+ Kd6 50. Qd3+ Kc7 51. Qh7+ Kb8 52.
Qh8+ Kb7 53. Qh7+ Ka6 54. Qd3+ b5 55. a4 Qxe3+ 56. Qxe3 Nxe3 57. a5 Ng4 58. g3
Kb7 59. Kg2 Kc6 60. Kf3 Nf6 61. g4 Kd5 62. g5 Nh5 63. Kg4 Ng7 64. h5 Ne6 65.
Kf5 Nd4+ 66. Kf6 Kc4 67. h6 Kxb4 68. h7 Ka3 69. h8=Q b4 70. Qd8 Nc2 71. Qb8 b3
72. Qxa7 b2 73. Qg1 Ka2 74. g6 Nb4 75. g7 Nd3 76. g8=Q+ Ka3 77. Qb8 Nc1 78.
Qxb2+ Kxb2 79. Qxc1+ Kxc1 80. a6 Kd2 81. a7 Ke3 82. a8=Q 1-0

[Event "Montcalm-ch"]
[Site "Quebec CAN"]
[Date "2016.05.19"]
[Round "4"]
[White "Lessard, Claude"]
[Black "Cummins, Paul"]
[Result "1-0"]
[WhiteElo "2107"]
[BlackElo "1742"]
[PlyCount "47"]
[EventDate "2016.04.28"]
[EventType "tourn"]
[EventRounds "5"]
[EventCountry "CAN"]

1. d4 Nf6 2. Nf3 e6 3. c4 d5 4. e3 c6 5. Nc3 Nbd7 6. cxd5 exd5 7. Bd3 Be7 8.
O-O O-O 9. b3 Re8 10. Bb2 Nf8 11. Ne5 Bd6 12. f4 Qe7 13. h3 N6d7 14. Rc1 f6 15.
Ng4 Nb6 16. Re1 a6 17. Qc2 Bd7 18. Qf2 Ba3 19. Bxa3 Qxa3 20. f5 Qd6 21. e4 Kh8
22. e5 fxe5 23. dxe5 Qc7 24. Ne2 1-0

[Event "Montcalm-ch"]
[Site "Quebec CAN"]
[Date "2016.05.19"]
[Round "4"]
[White "Plante, Rejean"]
[Black "Dube, Daniel"]
[Result "1/2-1/2"]
[WhiteElo "2086"]
[BlackElo "1793"]
[PlyCount "29"]
[EventDate "2016.04.28"]
[EventType "tourn"]
[EventRounds "5"]
[EventCountry "CAN"]

1. Nf3 Nf6 2. c4 c5 3. g3 d5 4. cxd5 Nxd5 5. Bg2 Nc6 6. O-O e5 7. d3 Be7 8.
Nbd2 Be6 9. Re1 O-O 10. Nc4 f6 11. Bd2 b5 12. Ne3 Rb8 13. Nh4 Nxe3 14. Bxe3 Nd4
15. Nf3 1/2-1/2

[Event "Montcalm-ch"]
[Site "Quebec CAN"]
[Date "2016.05.26"]
[Round "5"]
[White "Cournoyer, Dominic"]
[Black "Plante, Rejean"]
[Result "1/2-1/2"]
[WhiteElo "1977"]
[BlackElo "2086"]
[PlyCount "36"]
[EventDate "2016.04.28"]
[EventType "tourn"]
[EventRounds "5"]
[EventCountry "CAN"]

1. c4 g6 2. Nc3 Bg7 3. g3 c5 4. Bg2 Nc6 5. Nf3 d6 6. O-O e6 7. e3 Nge7 8. d4
O-O 9. d5 Ne5 10. Nd2 exd5 11. Nxd5 Nxd5 12. Bxd5 Rb8 13. Ne4 b5 14. Nxd6 Bh3
15. Bg2 Bxg2 16. Kxg2 Nxc4 17. Nxc4 Qxd1 18. Rxd1 bxc4 1/2-1/2

[Event "Montcalm-ch"]
[Site "Quebec CAN"]
[Date "2016.05.26"]
[Round "5"]
[White "Cummins, Paul"]
[Black "Dumont, Eric"]
[Result "1-0"]
[WhiteElo "1742"]
[BlackElo "1743"]
[PlyCount "97"]
[EventDate "2016.04.28"]
[EventType "tourn"]
[EventRounds "5"]
[EventCountry "CAN"]

1. Nf3 d5 2. e3 Nf6 3. b3 g6 4. Bb2 Bg7 5. d3 c5 6. Nbd2 Nc6 7. Be2 O-O 8. O-O
b6 9. d4 cxd4 10. exd4 Bb7 11. Re1 Re8 12. Bb5 a6 13. Bxc6 Bxc6 14. Ne5 Bb7 15.
Ndf3 Nd7 16. Qe2 e6 17. Bc1 Nxe5 18. dxe5 Qc7 19. Bb2 Rac8 20. Nd4 Qc5 21. Rad1
Rc7 22. c3 Rec8 23. Qg4 Qe7 24. h4 b5 25. a3 Bc6 26. h5 Bd7 27. hxg6 hxg6 28.
Nf3 Bh6 29. Qd4 Qc5 30. Qh4 Qf8 31. Nh2 g5 32. Qg3 f5 33. exf6 Qxf6 34. Ng4 Qg6
35. Nxh6+ Qxh6 36. Re5 Bc6 37. Rde1 Rh7 38. Rxg5+ Kf7 39. f3 d4 40. Bc1 Qf6 41.
cxd4 Qxd4+ 42. Be3 Qc3 43. Qf4+ Qf6 44. Rg4 Bd5 45. Qb4 Rch8 46. Rf4 Rh4 47.
Rxf6+ Kxf6 48. Qc3+ Kf5 49. Qd3+ 1-0

[Event "Montcalm-ch"]
[Site "Quebec CAN"]
[Date "2016.05.26"]
[Round "5"]
[White "Dube, Daniel"]
[Black "Lessard, Claude"]
[Result "0-1"]
[WhiteElo "1793"]
[BlackElo "2107"]
[PlyCount "70"]
[EventDate "2016.04.28"]
[EventType "tourn"]
[EventRounds "5"]
[EventCountry "CAN"]

1. b3 d6 2. Bb2 e5 3. e3 Nf6 4. c4 Be7 5. d4 exd4 6. exd4 O-O 7. Be2 d5 8. Nf3
Bb4+ 9. Nbd2 dxc4 10. bxc4 Ne4 11. Rc1 Nxd2 12. Nxd2 Qg5 13. Rg1 Re8 14. a3 Ba5
15. Bc3 Bg4 16. f3 Qe3 17. Kf1 Bxc3 18. Rxc3 Qxc3 19. Nb1 Qe3 20. fxg4 Nc6 21.
d5 Qf4+ 22. Bf3 Qxc4+ 23. Be2 Qf4+ 24. Bf3 Nd4 25. Qd2 Qxd2 26. Nxd2 Nxf3 27.
gxf3 Rad8 28. Ne4 Rxd5 29. Kf2 Rd3 30. Re1 Kf8 31. Rb1 b6 32. h4 Rxa3 33. h5 h6
34. Rc1 c5 35. Rd1 Rxe4 0-1

[Event "Montreal CC-ch"]
[Site "Montreal CAN"]
[Date "2016.06.10"]
[Round "1.2"]
[White "Leveille, Francois"]
[Black "Charette, Nicolas"]
[Result "1-0"]
[WhiteElo "2351"]
[BlackElo "1585"]
[PlyCount "58"]
[EventDate "2016.06.10"]
[EventType "swiss"]
[EventRounds "5"]
[EventCountry "CAN"]

1. e4 e5 2. Bc4 Nf6 3. d3 Nc6 4. Nf3 h6 5. O-O Bc5 6. b4 Bxb4 7. c3 Be7 8. Re1
O-O 9. Nbd2 d6 10. d4 Nd7 11. Nf1 Na5 12. Bd3 Nc6 13. Ng3 Nb6 14. h3 Bf6 15.
Be3 Re8 16. Nh5 d5 17. Nxf6+ Qxf6 18. dxe5 Nxe5 19. Nxe5 Qxe5 20. Bd4 Qe7 21.
Re3 Nd7 22. exd5 Qf8 23. Rg3 Ne5 24. Bc2 c5 25. dxc6 bxc6 26. Qh5 Qd6 27. f4
Ng6 28. Bxg6 fxg6 29. Rxg6 Qxf4 1-0